Online
Catalog
Normal view MARC view

Entry Nombre de reunión

Number of records used in: 1

001 - NÚMERO DE CONTROL

  • campo de control: 17217

003 - IDENTIFICADOR DEL NÚMERO DE CONTROL

  • campo de control: OSt

005 - FECHA Y HORA DE LA ÚLTIMA TRANSACCIÓN

  • campo de control: 20200615032558.0

008 - DATOS DE LONGITUD FIJA

  • campo de control de longitud fija: 200615|| aca||aabn | a|a d

040 ## - FUENTE DE LA CATALOGACIÓN

  • Centro catalogador/agencia de origen: OSt
  • Centro/agencia transcriptor: OSt

111 ## - ENCABEZAMIENTO--NOMBRE DE CONGRESO/REUNIÓN

  • Nombre de congreso/reunión o jurisdicción como elemento de entrada: Seminario Situación de los Recursos Hídricos en la República Dominicana
  • Sede del congreso/Lugar de la reunión: Santo Domingo, República Dominicana
  • Número del congreso/reunión o número de parte o sección: (1998 diciembre. 3)

670 ## - FUENTE DE DATOS ENCONTRADOS

  • Cita de la fuente: Work cat.: (OSt)5911: Seminario Situación de los Recursos Hídricos en la República Dominicana Santo Domingo, República Dominicana (1998 diciembre. 3), Situación de los recursos hídricos en la República Dominicana /, 1999.

Powered by Koha